000 00313nam a2200133Ia 4500
005 20260328104344.0
008 260328s9999||||xx |||||||||||||| ||und||
100 _aFiell, Peter
245 0 _aScandinavian Design /
_cPeter Fiell
260 _bTaschen
300 _a510 p.
650 _aARTESANÍAS
942 _cBK
999 _c12249
_d12249